| 000 | 00353nam a2200109Ia 4500 | ||
|---|---|---|---|
| 008 | 200302s9999 xx 000 0 und d | ||
| 100 | _aBrodley Horn ed | ||
| 245 | _aCity works/3 the city college by new york bernard and anne spitzer school of architectre/ student work 2008-2009 | ||
| 260 | _bOscer Rieraojeda Publishers | ||
| 260 | _c2010 | ||
| 300 | _a193 | ||
| 999 |
_c7335 _d7335 |
||